00578nam a2200169 i 450000100060000000300090000600500170001500700030003200800410003510000320007624500730010826000300018130000210021150000860023260000670031885200230038569268ES-MaACL20251114120704.0t|040702s1953 sp ||||1| spa d1 aGarcía Aráez, Josefina.10aDon Salvador Bermúdez de Castro / cpor Josefina García Aráez. aMadrid : b[s.n., c1953] a48 p. ; c24 cm. aEs separata de: Revista de Literatura (Fasc. 7, julio-septiembre-1953. p. 73-120)14aLema, Salvador Bermúdez de Castro y O'Lawlor, cMarqués de aES-MaACLj1973-F-7